| 000 | 00617nac a22002051u 4500 | ||
|---|---|---|---|
| 010 | _a 75903653 | ||
| 082 | 0 | 0 |
_a025.3 _bKUM |
| 090 |
_c7118 _d7118 |
||
| 100 | _aGirja Kumar, | ||
| 245 | 1 | 0 |
_aTheory of cataloguing / _cGirja Kumar, Krishan Kumar. |
| 250 | _a5th ed. | ||
| 260 |
_aDelhi : _bVikas Pub. House,1986 _c1986 |
||
| 300 |
_a384 p. ; _c22 cm. |
||
| 500 | _adistributed by: Al-Ahram | ||
| 504 | _aIncludes bibliographies and index. | ||
| 511 | _acatalogued by: wessam | ||
| 650 | 0 | _aCataloging. | |
| 700 | 0 |
_aKrishan Kumar, _d1933- |
|
| 942 |
_cBB _k025.3KUM |
||
| 999 |
_c7118 _d7118 |
||